Candidats emblématiques de la télé-réalité française - Statistiques

Statistiques générales
  • Ce quiz a été pris 3 504 fois
  • Le résultat moyen est 51 sur 67
Statistiques - réponses
Par images Réponse % Correct
Julien Tanti
98%
Maeva Ghennam
96%
Nabilla Vergara
95%
Sarah Fraisou
95%
Jessica Thivenin
94%
Paga
93%
Greg Yega
92%
Julien Bert
92%
Kim Glow
92%
Nikola Lozina
92%
Adixia Romaniello
91%
Eddy Ben Youssef
91%
Milla Jasmine
90%
Vivian Grimigni
90%
Carla Moreau
89%
Jazz Correia
89%
Kevin Guedj
89%
Manon Tanti
89%
Amélie Neten
88%
Bastien Grimal
88%
Thibault Garcia
88%
Mélanight Amar
87%
Adrien Laurent
86%
Benjamin Samat
86%
Simon Castaldi
85%
Dylan Thiry
84%
Mélanie Dedigama
84%
Nicolò Ferrari
83%
Frédérique Brugiroux
82%
Illan Castronovo
82%
Sebydaddy
81%
Vincent Queijo
81%
Hilona Gos
80%
Shanna Kress
80%
Anaïs Camizuli
79%
Laurent Correia
79%
Raphaël Pépin
79%
Kamila Tir-Abdelali
78%
Aurélie Dotremont
77%
Hillary Vanderosieren
77%
Mujdat Saglam
77%
Noré Abdelali
77%
Nadège Lacroix
75%
Vincent Shogun
75%
Coralie Porrovecchio
74%
Nehuda
74%
Sarah Lopez
74%
Aurélie Preston
73%
Benoît Dubois
72%
Marvin Tillière
72%
Fidji Ruiz
71%
Mélanie Da Cruz
71%
Darko Bozovic
69%
Christopher Via Putje
68%
Ricardo Pinto
68%
Thomas Vergara
68%
Jaja
64%
Loana Petrucciani
63%
Ayem Nour
61%
Capucine Anav
56%
Marie Garet
55%
Afida Turner
54%
Emilie Nef Naf
54%
Sofiane Tadgine
50%
François-Xavier Leuridan
26%
Steevy Boulay
15%
Diana Jones
11%
Aucun quiz correspondant
Distribution des résultats
% des personnes avec chaque résultat
Percentile par nombre de réponses
Votre historique - résultats
Vous n’avez pas pris ce quiz